000
00243nam a22000857a 4500
008
160712b xxu||||| |||| 00| 0 eng d
100
_9
2653
_a
Dave, et al
245
_a
Living Together in a World Falling Apart
260
_a
Ill
_b
Creation House
_c
1974
999
_c
2306
_d
2306